Statistics for WWE SuperCard - WM38 Tier

Click here to take the quiz!

General Stats

  • This quiz has been taken 7 times
    (5 since last reset)
  • The average score is 44 of 78

Answer Stats

HintAnswer% Correct
FemaleMandy Rose
100%
MaleAJ Styles
67%
FemaleAsuka
67%
MaleBatista
67%
FemaleBayley
67%
FemaleBecky Lynch
67%
FemaleBianca Belair
67%
MaleBrock Lesnar
67%
FemaleCarmella
67%
MaleCarmelo Hayes
67%
FemaleCharlotte Flair
67%
FemaleDakota Kai
67%
MaleDominik Mysterio
67%
MaleDrew McIntyre
67%
MaleEddie Guerrero
67%
MaleEdge
67%
MaleErik
67%
MaleFinn Bálor
67%
FemaleGigi Dolin
67%
MaleGunther
67%
MaleHappy Corbin
67%
Male"Hollywood" Hulk Hogan
67%
MaleIvar
67%
FemaleJacy Jayne
67%
MaleJBL
67%
MaleJey Uso
67%
MaleJimmy Uso
67%
MaleJinder Mahal
67%
MaleJohn Cena
67%
MaleKane
67%
MaleKevin Nash
67%
MaleKevin Owens
67%
MaleKushida
67%
FemaleLiv Morgan
67%
FemaleNikki A.S.H
67%
MaleOmos
67%
FemaleQueen Zelina
67%
MaleRandy Orton
67%
FemaleRaquel Rodriguez
67%
MaleRey Mysterio
67%
MaleRiddick Moss
67%
MaleRoderick Strong
67%
MaleRoman Reigns
67%
FemaleRonda Rousey
67%
MaleRon Simmons
67%
MaleSami Zayn
67%
MaleScott Hall
67%
MaleSeth "Freakin" Rollins
67%
MaleShinsuke Nakamura
67%
MaleSyxx
67%
Male"The All Mighty" Bobby Lashley
67%
MaleThe Rock
67%
MaleUndertaker
67%
MaleAustin Theory
33%
MaleBig E
33%
MaleBret "Hit Man" Hart
33%
MaleBron Breakker
33%
MaleBrutus Creed
33%
MaleChad Gable
33%
MaleDamian Priest
33%
MaleDuke Hudson
33%
MaleGiovanni Vinci
33%
MaleGoldberg
33%
MaleIkemen Jiro
33%
MaleIlja Dragunov
33%
MaleJim "The Anvil" Neidhart
33%
MaleJulius Creed
33%
MaleKing Woods
33%
MaleKofi Kingston
33%
MaleLudwig Kaiser
33%
MaleOtis
33%
FemalePiper Niven
33%
MaleRick Boogs
33%
Male"Stone Cold" Steve Austin
33%
MaleThe British Bulldog
33%
MaleThe Godfather
33%
MaleThe Great Khali
33%
MaleVeer
33%

Score Distribution

Percentile by Number Answered

Percent of People with Each Score

Your Score History

You have not taken this quiz since the last reset